How big is a foot?
Αποθηκεύτηκε σε:
| Κύριος συγγραφέας: | |
|---|---|
| Μορφή: | Βιβλίο |
| Γλώσσα: | English |
| Δημοσίευση: |
[New York] :
[Atheneum],
[c1990].
|
| Θέματα: | |
| Ετικέτες: |
Προσθήκη ετικέτας
Δεν υπάρχουν, Καταχωρήστε ετικέτα πρώτοι!
|
MARC
| LEADER | 00000cam a2200000 i 4500 | ||
|---|---|---|---|
| 001 | 1/39112 | ||
| 008 | 061208s1990 us | ||| |||| ||eng|| | ||
| 020 | |a 0440404959 | ||
| 035 | |l 10086509 | ||
| 040 | |a GR-MY-UA |b gre |e aacr | ||
| 041 | 0 | |a eng | |
| 082 | 0 | |a 813.54 |2 (22) | |
| 100 | 1 | |a Myller, Rolf. | |
| 245 | 1 | 0 | |a How big is a foot? / |c Rolf Myller. |
| 260 | |a [New York] : |b [Atheneum], |c [c1990]. | ||
| 300 | |a [36] σ. : |b εικ. ; |c 20 εκ. | ||
| 650 | 0 | 0 | |a Measurement |x Fiction. |
| 650 | 0 | 0 | |a Children's stories. |
| 655 | 7 | |a Fairy tales |2 lcgft | |
| 852 | |a INST |b RHODES |e 20061208 |h 813.54 MYL |p 005400023780 |q 005400023780 |t BK |y 0 | ||
| 901 | |a BIBL4-2006-3 | ||
| 909 | |a Ρ |b 127337 | ||
| 920 | |a ΚΕΝΤΡΙΚΗ ΔΡΑΣΗ ΦΥΛΟΥ |b ΕΠΕΑΕΚ ΙΙ-ΤΕΠΑΕΣ |y Ρόδος |z 2006-11 | ||
| 970 | |a ΜΙΣΣΟΣ |b ΣΤΑΥΡΟΣ |z 2006/12/08 | ||